00482nam a2200193Ia 4500003000900000008004100009040001300050040001300063041000800076100002000084100000900104245008200113250000900195260001800204260000900222300001000231490000600241600004100247IT-RoPAU120407s9999 xx 000 0 und d aIT-RoPAU cIT-RoPAU aita aErmanno Ancilli ccur. aPreghiera (La). Bibbia, teologia, esperienze storiche. A cura di E. Ancilli aRoma aCittà Nuova c1988 c23 cm v2 a"1. vol. p. 514 2. vol. p. 471."